• 首页
  • 本馆介绍
  • 公告通知
  • 最新文献
  • 馆藏检索
  • 电子资源
  • 读者导购
  • 参考咨询
  • 我的图书馆
  • 登录
  • 详细信息显示
  • 放入我的书架
  • 预约/预借图书
  • 作者相关作品
  • 分类相关作品
  • 丛书相关作品
  • 出版社相关作品

书目信息

  • 表格格式
  • 工作单格式
  • 卡片格式
题名:
美国要打太空战
    
 
作者: 洪兵 , 梁晓秋 , 赵德喜 编著
分册:  
出版信息: 北京   中国人民解放军出版社  2001
页数: 187页
开本: 20cm
丛书名:
单 册:
中图分类: E86
科图分类:
主题词: 外层空间战--研究--美国
电子资源:
ISBN: 7-5065-4119-X
000 00658nam0 2200217 45
001 0401271459
005 20040127143821.5
010    @a7-5065-4119-X@dCNY10.00
100    @a20040127d2001 km y0chiy0120 ea
101 0  @achi
105    @aa z 000yy
200 1  @a美国要打太空战@AMei Guo Yao Da Tai Kong Zhan@f洪兵,梁晓秋,赵德喜编著@FHong Bing,Liang Xiao Qiu,Zhao De Xi Bian Zhu
210    @a北京@c中国人民解放军出版社@d2001
215    @a187页@c图@d20cm
606 0  @a外层空间战@x研究@y美国
690    @aE86@v4
701  0 @a洪兵@4编著
701  0 @a梁晓秋@4编著
701  0 @a赵德喜@4编著
801    @aCN@bTSTCL@c20040127
905    @b332706-710@dE86@e2@f5
    
    美国要打太空战/洪兵,梁晓秋,赵德喜编著.-北京:中国人民解放军出版社,2001
    187页:图;20cm
    
    
    ISBN 7-5065-4119-X:CNY10.00
    
●
相关链接 在E读中查询图书 在五车中查询图书 在当当中查询图书 在豆瓣中查询图书


正题名:美国要打太空战     索取号:E86/2         预约/预借

序号 登录号 条形码 馆藏地/架位号 状态 备注
1 0332706   203327060   第一借阅区/ [索取号:E86/2] 在馆    
2 0332707   203327079   第一借阅区/ [索取号:E86/2] 在馆    
3 0332708   203327088   第一借阅区/ [索取号:E86/2] 在馆    
4 0332709   203327097   第一借阅区/ [索取号:E86/2] 在馆    
5 0332710   203327104   第一样本阅览室/ [索取号:E86/2] 在馆    
唐山师范学院图书馆 欢迎您!
大连网信软件有限公司© 版权所有